000 00518nam a22001697a 4500
999 _c40625
_d40625
003 OSt
005 20210215160816.0
008 191016b ||||| |||| 00| 0 eng d
020 _a9789386668783
040 _coclc
082 _a954.02
_bCEN/A
100 _98377
_aCengage
245 _aAncient and Medieval History & Culture For UPSC and State Civil Services Examinations /
_cCengage
260 _aDelhi:
_bCengage,
_c2019
300 _a429p
942 _2ddc
_cBK
_h954.02
_iCEN/A
_k954.02
_mCEN/A